Report of the Technical Committee on Crop Estimates (Record no. 489953)

000 -LEADER
fixed length control field 00485cam a22001457a 4500
008 - FIXED-LENGTH DATA ELEMENTS--GENERAL INFORMATION
fixed length control field 180718b1967 xxu||||| |||| 00| 0 eng d
082 ## - DEWEY DECIMAL CLASSIFICATION NUMBER
Classification number Z06x54 In2r
100 ## - MAIN ENTRY--PERSONAL NAME
Personal name India. Technical Committee on Crop Estimates
245 ## - TITLE STATEMENT
Title Report of the Technical Committee on Crop Estimates
Statement of responsibility, etc. by Planning Commission
260 ## - PUBLICATION, DISTRIBUTION, ETC.
Place of publication, distribution, etc. Delhi
Name of publisher, distributor, etc. The Manager of Publications
Date of publication, distribution, etc. 1967
300 ## - PHYSICAL DESCRIPTION
Extent 127+p.
500 ## - GENERAL NOTE
General note Chairman: S.R. Sen
700 ## - ADDED ENTRY--PERSONAL NAME
Personal name India. Planning Commission
700 ## - ADDED ENTRY--PERSONAL NAME
Personal name Sen, S.R. (Chairman)
Holdings
Withdrawn status Lost status Damaged status Not for loan Permanent Location Current Location Date acquired Full call number Barcode Date last seen Price effective from Koha item type
        Indian Institute of Public Administration Indian Institute of Public Administration 2018-08-04 Z06x54 In2r GG9760 2018-08-04 2018-08-04 GG

Powered by Koha